000 00625nam a2200217Ia 4500
003 OSt
005 20220927105426.0
006 a|||||r|||| 00| 0
007 ta
008 220926b |||||||| |||| 00| 0 eng d
024 _a187597
037 _cReference Collections
040 _aRTL
_cRTL
_beng
041 _2eng
_aeng
082 _a"X:(B), H7"
245 0 _a"Econometric society meeting, Washington D.C."
_b proceedings of the International statistical confrences
260 _aWashington
_bD.C.
_c1947
300 _a347p
_ccm.
942 _h"X:(B), H7"
_cCC
999 _c692448
_d692448